Statistics for Rankings of all U.S. Presidents, Based on Memorality

Click here to take the quiz!

General Stats

  • This quiz has been taken 1 time
  • The average score is 22 of 43

Answer Stats

RankingPercent (%)President% Correct
588%Abraham Lincoln
100%
1647%Andrew Jackson
100%
1841% (tie)Andrew Johnson
100%
1100%Barack Obama
100%
296%Bill Clinton
100%
1454%Dwight D. Eisenhower
100%
1260% (tie)Franklin D. Roosevelt
100%
395% (tie)George H. W. Bush
100%
494%George Washington
100%
395% (tie)George W. Bush
100%
1162%Gerald Ford
100%
1550%Harry S. Truman
100%
879%Jimmy Carter
100%
1356% (tie)John Adams
100%
683%John F. Kennedy
100%
1356% (tie)John Quincy Adams
100%
1841% (tie)Lyndon B. Johnson
100%
782%Richard Nixon
100%
1066%Ronald Reagan
100%
1260% (tie)Theodore Roosevelt
100%
972%Thomas Jefferson
100%
2229%Woodrow Wilson
100%
2911% (tie)Benjamin Harrison
0%
2322%Calvin Coolidge
0%
327% (tie)Chester A. Arthur
0%
327% (tie)Franklin Pierce
0%
2911% (tie)Grover Cleveland
0%
1742%Herbert Hoover
0%
2419%James A. Garfield
0%
2812% (tie)James Buchanan
0%
2517%James K. Polk
0%
2038% (tie)James Madison
0%
2130%James Monroe
0%
2812% (tie)John Tyler
0%
2911% (tie)Martin Van Buren
0%
318%Millard Fillmore
0%
3010% (tie)Rutherford B. Hayes
0%
2038% (tie)Ulysses S. Grant
0%
2616%Warren G. Harding
0%
2911% (tie)William Henry Harrison
0%
1939%William Howard Taft
0%
2715%William McKinley
0%
3010% (tie)Zachary Taylor
0%

Score Distribution

Percentile by Number Answered

Percent of People with Each Score

Your Score History

You have not taken this quiz